Построение скелетных схем и диаграмм уровней радиовещательных трактов

Podrobná bibliografie
Hlavní autor: Горон И. Е. Исаак Евсеевич
Jazyk:ruština
Vydáno: Москва, Связь, 1964
Edice:Техника радиовещания
Témata:
Médium: MixedMaterials Kniha
KOHA link:https://koha.lib.tpu.ru/cgi-bin/koha/opac-detail.pl?biblionumber=86703

MARC

LEADER 00000nam0a2200000 4500
001 86703
005 20231031101713.0
035 |a (RuTPU)RU\TPU\book\93102 
090 |a 86703 
100 |a 20051129d1964 m y0rusy50 ca 
101 0 |a rus 
102 |a RU 
105 |a a z 000zy 
200 1 |a Построение скелетных схем и диаграмм уровней радиовещательных трактов 
210 |a Москва  |c Связь  |d 1964 
215 |a 24 с.  |c ил. 
225 1 |a Техника радиовещания 
610 1 |a радиовещательные центры 
610 1 |a оборудование 
610 1 |a схемы 
610 1 |a построение 
610 1 |a диаграммы 
675 |a 621.396.97  |v 3 
700 1 |a Горон  |b И. Е.  |g Исаак Евсеевич 
801 1 |a RU  |b 63413507  |c 20051129  |g PSBO 
801 2 |a RU  |b 63413507  |c 20230629  |g PSBO 
942 |c BK